000 00646cam a2200145 4500500
005 20251228082902.0
041 _afre
042 _adc
100 1 0 _aQuantin, Jean-Louis
_eauthor
245 0 0 _aDie Praktiken der Gelehrsamkeit in der Frühen Neuzeit. Herausgegeben von Helmut Zedelmeier und Martin Mulsow, Tübingen, Niemeyer (Reihe « Frühe Neuzeit », 64), 2001. Un vol. 16 × 23,5 cm de VII-361 p.
260 _c2005.
500 _a20
786 0 _nDix-septième siècle | 226 | 1 | 2005-03-01 | p. 165l-186l | 0012-4273
856 4 1 _uhttps://shs.cairn.info/revue-dix-septieme-siecle-2005-1-page-165l?lang=fr&redirect-ssocas=7080
999 _c1599981
_d1599981